Математическое моделирование технологических процессов сборки и механической обработки изделий машиностроения: учебное пособие

التفاصيل البيبلوغرافية
المؤلف الرئيسي: Кузьмин В. В. Владимир Владимирович
مؤلفون آخرون: Схиртладзе А. Г. Александр Георгиевич
الملخص:Изложены основные понятия, методы и положения математического моделирования в машиностроении; рассмотрены классификация математических моделей и методов моделирования, формы представления моделей и задачи проектирования технологических процессов с использованием технологических моделей; представлены математические модели этапов технологических процессов механической обработки и сборки изделий машиностроения. Для студентов машиностроительных специальностей вузов.
اللغة:الروسية
منشور في: Москва, Высшая школа, 2008
سلاسل:Для высших учебных заведений
Машиностроение
الموضوعات:
التنسيق: MixedMaterials كتاب
KOHA link:https://koha.lib.tpu.ru/cgi-bin/koha/opac-detail.pl?biblionumber=143011

MARC

LEADER 00000nam0a2200000 4500
001 143011
005 20231101221011.0
010 |a 9785060048377 
035 |a (RuTPU)RU\TPU\book\154972 
090 |a 143011 
100 |a 20080915d2008 m y0rusy50 ca 
101 0 |a rus 
102 |a RU 
105 |a a j 001zy 
200 1 |a Математическое моделирование технологических процессов сборки и механической обработки изделий машиностроения  |e учебное пособие  |f В. В. Кузьмин, А. Г. Схиртладзе 
210 |a Москва  |c Высшая школа  |d 2008 
215 |a 279 с.  |c ил. 
225 1 |a Для высших учебных заведений 
225 1 |a Машиностроение 
320 |a Список литературы: с. 276. 
330 |a Изложены основные понятия, методы и положения математического моделирования в машиностроении; рассмотрены классификация математических моделей и методов моделирования, формы представления моделей и задачи проектирования технологических процессов с использованием технологических моделей; представлены математические модели этапов технологических процессов механической обработки и сборки изделий машиностроения. Для студентов машиностроительных специальностей вузов. 
606 1 |a Механосборочное производство  |2 stltpush  |3 (RuTPU)RU\TPU\subj\43615  |9 63091 
610 1 |a машиностроение 
610 1 |a машиностроительные изделия 
610 1 |a математические модели 
610 1 |a моделирование 
610 1 |a классификация 
610 1 |a математические методы 
610 1 |a детали машин 
610 1 |a геометрические модели 
610 1 |a сборка 
610 1 |a технологические процессы 
610 1 |a проектирование 
610 1 |a заготовки 
610 1 |a механическая обработка 
610 1 |a САПР 
610 1 |a система автоматизированного проектирования 
610 1 |a учебные пособия 
675 |a 621.757(075.8)  |v 3 
700 1 |a Кузьмин  |b В. В.  |g Владимир Владимирович 
701 1 |a Схиртладзе  |b А. Г.  |g Александр Георгиевич 
801 1 |a RU  |b 63413507  |c 20080915  |g PSBO 
801 2 |a RU  |b 63413507  |c 20150623  |g PSBO 
900 |a Математическое моделирование 
900 |a Математическое моделирование в машиностроении 
900 |a Системный анализ и математическое моделирование 
942 |c BK 
952 |b 150900  |b 151000 
959 |a 80/20080915  |d 2  |e 303,60  |f АНЛ:1  |f ЧЗТЛ:1